000 00318nam a22001337a 4500
008 170407b xxu||||| |||| 00| 0 eng d
020 _a9780683048179
041 _aeng
080 _a616
100 _a9
101 _aSHM
245 _aPATHOLOGY OF THE PARATHYROID AND THYROID GLANDS
_cLIVOLSI, V.D
942 _2udc
_cBK
999 _c10247
_d10247